| 000 | 00670nam a2200205Ia 4500 | ||
|---|---|---|---|
| 003 | SISC | ||
| 005 | 20160822133610.0 | ||
| 008 | 140321s9999 xx 000 0 und d | ||
| 020 | _a9781412997515 | ||
| 050 |
_aHA 32 _b.P37 2013 |
||
| 100 | _aParke, Carol S. | ||
| 245 |
_aEssential first steps to data analysis : _bscenario-based examples using SPSS / _cCarol S. Parke. |
||
| 260 |
_aLondon : _bSAGE, _c2013. |
||
| 300 |
_a265 pages : _bill. ; _c23 cm. |
||
| 500 | _aIncludes bibliographical references and index. | ||
| 650 |
_aSocial sciences _xStatistical methods -- Data processing. |
||
| 650 | _aSPSS (Computer file). | ||
| 942 |
_kFOR _cBK _2lcc |
||
| 999 |
_c48677 _d48677 |
||